<?xml version="1.0" encoding="UTF-8"?>
<record
    xmlns:xsi="http://www.w3.org/2001/XMLSchema-instance"
    xsi:schemaLocation="http://www.loc.gov/MARC21/slim http://www.loc.gov/standards/marcxml/schema/MARC21slim.xsd"
    xmlns="http://www.loc.gov/MARC21/slim">

  <leader>00487nam a2200169Ia 4500</leader>
  <controlfield tag="001">113561</controlfield>
  <controlfield tag="003">DR-UNIBE</controlfield>
  <controlfield tag="005">20250506131816.0</controlfield>
  <controlfield tag="008">250506buuuu    xx ||||| |||| 00| 0 spa d</controlfield>
  <datafield tag="040" ind1=" " ind2=" ">
    <subfield code="c">BIBLIOTECA UNIBE</subfield>
    <subfield code="a">BIBLIOTECA UNIBE</subfield>
    <subfield code="e">rda</subfield>
  </datafield>
  <datafield tag="041" ind1=" " ind2=" ">
    <subfield code="a">spa</subfield>
  </datafield>
  <datafield tag="082" ind1=" " ind2=" ">
    <subfield code="a">F-5960</subfield>
  </datafield>
  <datafield tag="245" ind1="0" ind2="0">
    <subfield code="a">Vocabulario referido a g&#xE9;nero </subfield>
  </datafield>
  <datafield tag="260" ind1=" " ind2=" ">
    <subfield code="a">Santo Domingo : </subfield>
    <subfield code="b">Secreter&#xED;a T&#xE9;cnica de G&#xE9;nero,</subfield>
    <subfield code="c">[Fecha de publicaci&#xF3;n no identificada]</subfield>
  </datafield>
  <datafield tag="300" ind1="4" ind2=" ">
    <subfield code="a">16  p&#xE1;ginas</subfield>
  </datafield>
  <datafield tag="942" ind1=" " ind2=" ">
    <subfield code="2">ddc</subfield>
    <subfield code="c">MX</subfield>
  </datafield>
  <datafield tag="999" ind1=" " ind2=" ">
    <subfield code="c">113561</subfield>
    <subfield code="d">113561</subfield>
  </datafield>
  <datafield tag="952" ind1=" " ind2=" ">
    <subfield code="0">0</subfield>
    <subfield code="1">0</subfield>
    <subfield code="2">ddc</subfield>
    <subfield code="7">0</subfield>
    <subfield code="8">FOL</subfield>
    <subfield code="a">Principal</subfield>
    <subfield code="b">Principal</subfield>
    <subfield code="d">2025-01-01</subfield>
    <subfield code="l">0</subfield>
    <subfield code="o">F-5960</subfield>
    <subfield code="p">F250081</subfield>
    <subfield code="r">2025-05-06 13:28:53</subfield>
    <subfield code="t">Ej. 1</subfield>
    <subfield code="w">2025-05-06</subfield>
    <subfield code="y">MX</subfield>
  </datafield>
</record>
